000 00401nam a22001697a 4500
999 _c11457
_d11457
003 OSt
008 220810b ||||| |||| 00| 0 eng d
020 _a9788185986050
082 _a823 NAF
100 _aNARAYAN, R. K.
245 _aFinancial Expert
250 _a47 ed.
260 _aChennai
_bIndian Thought Pulication
_c2022
300 _a272 p.
650 _aEnglish (H)
942 _2ddc
_cBK
_010